000 00484nam a2200145Ia 4500
008 100122s9999 xx 000 0 und d
082 _b41924
_a920.72
100 _aम्हात्रे माधव
245 _aबाहुल्याची राणी
260 _bललित नाटय प्रकाशन
_c1905
300 _a83
630 _aबाहुल्याची राणी
730 _aबाहुल्याची राणी
942 _cBOOK
999 _c422389
_d422386